Lenguaje y definición jurídica

Gespeichert in:
Bibliographische Detailangaben
Hauptverfasser: Warat, Luis Alberto (VerfasserIn), Martino, Antonio Anselmo (VerfasserIn)
Format: Buch
Sprache:Spanisch
Veröffentlicht: Buenos Aires Cooperadora de Derecha y Ciencias Sociales 1973
Schlagworte:
Tags: Tag hinzufügen
Keine Tags, Fügen Sie den ersten Tag hinzu!

MARC

LEADER 00000nam a2200000 a 4500
001 UCV1355
003 CL-VaPUC
008 900426e19730000AG |||||||||||||||||spa|d
082 0 4 |a 340.11  |b WAR  |2 21 
100 0 |a Warat, Luis Alberto  |e author  |9 295602 
700 0 |a Martino, Antonio Anselmo  |e author  |9 295603 
245 1 0 |a Lenguaje y definición jurídica 
300 |a 90 p 
942 |c BK 
945 |d 19900426 00:00:00 
260 |a Buenos Aires  |b Cooperadora de Derecha y Ciencias Sociales  |c 1973 
650 7 |a DERECHO TECNOLOGIA  |2 CL-VaPUC  |9 256279 
650 0 |a Lenguaje jurídico   |9 255988 
583 |a last modification  |c 19900426 00:00:00  |k Rodrigo Vera 
999 |c 209333  |d 209331 
952 |0 0  |1 0  |4 0  |6 340_110000000000000_WAR_1973  |7 0  |8 DER_TF  |9 184674  |a BIBDER  |b BIBDER  |d 2019-11-14  |i 2519836  |o 340.11 WAR 1973  |p 2519836  |r 2023-01-25  |w 2019-11-14  |x Ubicación 4to Piso  |y BK  |z Estos recursos deben solicitarse con anticipación  |k DER